Normal view
MARC view
Entry Personal Name
001 - CONTROL NUMBER
- control field: 69642
003 - CONTROL NUMBER IDENTIFIER
- control field: dpl
005 - DATE AND TIME OF LATEST TRANSACTION
- control field: 20240806164310.0
008 - FIXED-LENGTH DATA ELEMENTS
- fixed length control field: 240806|| aca||aabn | a|a d
040 ## - CATALOGING SOURCE
- Original cataloging agency: dpl
- Transcribing agency: dpl
100 ## - HEADING--PERSONAL NAME
- Personal name: सतीश चन्द्र भगत
670 ## - SOURCE DATA FOUND
- Source citation: Work cat.: (dpl)204912: सतीश चन्द्र भगत, नन्ही टोली /, 2021
